000 00733nam a2200229Ia 4500
003 GCL
008 140319s9999 xx 000 0 ara d
040 _aGCL /
_cGCL
082 0 4 _a253.1
_bب ت
100 1 _aبدران ابوالعنين بدران
245 1 0 _aتاريخ الفقه الاسلامى ونظرية الملكية والعقود /
_cبدران ابوالعنين بدران
260 _a[S.N] :
_bدار النهضة العربية
300 _a599 ص
490 _a
650 0 4 _aالاسلام
650 0 4 _aالشريعة الاسلامية
650 0 4 _aالفقه الاسلامى
650 0 4 _aالمعاملات
650 0 4 _aالملكية
650 0 4 _aحق الملكية
942 _2ddc
_cBK
999 _c37012
_d37012